| 000 | 00650nam a2200193Ia 4500 | ||
|---|---|---|---|
| 005 | 20260429112339.0 | ||
| 008 | 260429s9999||||xx |||||||||||||| ||und|| | ||
| 020 | _a9788126709878 | ||
| 041 | _aHindi | ||
| 082 |
_a891.431 _bPAN |
||
| 100 | _aपंत, सुमित्रानंदन | ||
| 245 | 0 |
_aसुमित्रानंदन पंत ग्रंथावली / _cसुमित्रानंदन पंत |
|
| 250 | _a1st rev. | ||
| 260 |
_aनई दिल्ली : _bराजकमल प्रकाशन, _c2022. |
||
| 300 | _a412 p.; Hb | ||
| 440 | _vखंड- 3 | ||
| 650 | _aHindi Poetry | ||
| 942 | _cTB | ||
| 999 |
_c53619 _d53619 |
||